| 000 | 00767nam a2200229 a 4500 | ||
|---|---|---|---|
| 005 | 20241113063734.0 | ||
| 008 | 090311s2003 mx r 000 0 spa d | ||
| 020 | _a9688535478 (Paidós) | ||
| 020 | _a9680101541 (SEP) | ||
| 035 | _aUPN01000169888 | ||
| 049 | _aCG | ||
| 050 | 4 |
_aN85 _bCH3.3a |
|
| 100 | 1 | _aChalmers, F. Graeme | |
| 245 | 1 | 0 |
_aArte, educación y diversidad cultural / _cF. Graeme Chalmers ; tr. Isidro Arias. |
| 260 |
_aMéxico : _bSEP : _bPaidós, _c2003. |
||
| 300 | _a164 p. | ||
| 440 | 0 | _aBiblioteca para la actualización del maestro | |
| 534 |
_pTraducción de: _tCelebrating pluralism. Art, education, and cultural diversity |
||
| 650 | 4 |
_aArte _xEstudio y enseñanza _9207 |
|
| 650 | 4 |
_aEducación intercultural _94812 |
|
| 905 | _aLibro | ||
| 999 |
_c141994 _d141994 |
||